Ekonomiky členských států Evropské unie

Guardado en:
Detalles Bibliográficos
Autor principal: Kučerová, Irah
Formato: Libro
Lenguaje:checo
Publicado: Praha Univerzita Karlova v Praze. Nakladatelství Karolinum 2003
Materias:
Etiquetas: Agregar Etiqueta
Sin Etiquetas, Sea el primero en etiquetar este registro!

MARC

LEADER 00000nam$a2200000$$$4500
001 0002424
005 20240306141347.8
020 |a 80-246-0650-X 
041 0 |a cze 
044 |a CZ 
245 1 0 |a Ekonomiky členských států Evropské unie  |c Irah Kučerová 
264 1 |a Praha  |b Univerzita Karlova v Praze. Nakladatelství Karolinum  |c 2003 
300 |a 123 s. 
610 2 0 |a spolupráca hospodárska medzinárodná 
610 2 0 |a integrácia ekonomická medzinárodná 
610 2 0 |a vývoj hospodársky 
610 2 0 |a makroekonomika 
610 2 0 |a politika hospodárska 
610 2 0 |a vzťahy obchodné 
610 2 0 |a Európske spoločenstvá 
610 2 0 |a Európska únia 
100 1 |a Kučerová, Irah